[Event "Titled Tuesday intern op 21st Feb Late"]
[Site "Chess.com INT"]
[Date "2023.02.21"]
[Round "3"]
[White "Garcia, Gabriel Gonzaga"]
[Black "Santos Flores, Alberto Javier"]
[Result "1-0"]
[WhiteElo "2091"]
[BlackElo "2164"]
[PlyCount "85"]
[EventDate "2023.02.21"]
[EventType "swiss (blitz)"]
[EventRounds "11"]
[EventCountry "USA"]
[SourceTitle "CBM 212 Extra"]
[Source "ChessBase"]
[SourceDate "2023.03.31"]
[SourceVersion "1"]
[SourceVersionDate "2023.03.31"]
[SourceQuality "1"]

1. e4 c5 2. Nf3 Nc6 3. d4 cxd4 4. Nxd4 g6 5. Nc3 Bg7 6. Be3 Nf6 7. Be2 0-0 8. Nb3 d6 9. 0-0 b6 10. f4 Bb7 11. Bf3 Nd7 12. Qd2 Nc5 13. Nxc5 dxc5 14. Rad1 Qxd2 15. Rxd2 Rfd8 16. e5 Rxd2 17. Bxd2 Rd8 18. Be3 Na5 19. Bxb7 Nxb7 20. Rd1 Rxd1+ 21. Nxd1 g5 22. g3 gxf4 23. gxf4 Na5 24. b3 Nc6 25. c3 e6 26. Kf2 Ne7 27. Kf3 Nd5 28. Ke4 Kf8 29. f5 Nxe3 30. Nxe3 Bh6 31. Nc4 Ke7 32. f6+ Kf8 33. a4 Bc1 34. b4 cxb4 35. cxb4 Ke8 36. Nd6+ Kf8 37. Nc8 a5 38. b5 Ke8 39. Nxb6 Ba3 40. Nc4 Bb4 41. Nd6+ Kf8 42. b6 Bc5 43. Nc8 1-0

[Event "Titled Tuesday intern op 21st Feb Late"]
[Site "Chess.com INT"]
[Date "2023.02.21"]
[Round "1"]
[White "Nihal, Sarin"]
[Black "Garcia, Gabriel Gonzaga"]
[Result "1-0"]
[WhiteElo "2670"]
[BlackElo "2091"]
[PlyCount "123"]
[EventDate "2023.02.21"]
[EventType "swiss (blitz)"]
[EventRounds "11"]
[EventCountry "USA"]
[SourceTitle "CBM 212 Extra"]
[Source "ChessBase"]
[SourceDate "2023.03.31"]
[SourceVersion "1"]
[SourceVersionDate "2023.03.31"]
[SourceQuality "1"]

1. e4 c6 2. Nc3 d5 3. Nf3 dxe4 4. Nxe4 Nf6 5. Qe2 Bf5 6. Nxf6+ gxf6 7. d3 Nd7 8. g3 e6 9. Bg2 Bd6 10. 0-0 0-0 11. Nd4 Bg6 12. Nxe6 Re8 13. Nxd8 Rxe2 14. Nxb7 Bc7 15. Bxc6 Ne5 16. Bg2 Rxc2 17. d4 Nd3 18. d5 Bb6 19. Be3 Bxe3 20. fxe3 Rxb2 21. d6 Rxg2+ 22. Kxg2 Be4+ 23. Kg1 Bxb7 24. Rxf6 Rd8 25. Rd1 Be4 26. g4 Kg7 27. g5 Bg6 28. h4 Nc5 29. Rd4 Ne4 30. Rxg6+ Kxg6 31. Rxe4 Rxd6 32. Ra4 a6 33. Kf2 Kh5 34. Kg3 Re6 35. Kf3 f6 36. gxf6 Rxf6+ 37. Rf4 Rb6 38. a4 a5 39. Kg3 Rb4 40. Rf5+ Kg6 41. Rg5+ Kf6 42. Rxa5 Re4 43. h5 Rxe3+ 44. Kf4 Ra3 45. Ra6+ Kg7 46. a5 Ra1 47. Ke5 Re1+ 48. Kd5 Rd1+ 49. Kc4 Rc1+ 50. Kd3 Rd1+ 51. Kc2 Rh1 52. h6+ Kf7 53. Kc3 Rc1+ 54. Kb4 Rb1+ 55. Kc5 Rc1+ 56. Kb6 Rb1+ 57. Kc7 Rc1+ 58. Rc6 Ra1 59. a6 Ke7 60. Kb7 Rb1+ 61. Rb6 Ra1 62. a7 1-0

[Event "Titled Tuesday intern op 27th Dec Late"]
[Site "Chess.com INT"]
[Date "2022.12.27"]
[Round "3"]
[White "Garcia, Gabriel Gonzaga"]
[Black "Bach, Matthias"]
[Result "1-0"]
[WhiteElo "2091"]
[BlackElo "2208"]
[PlyCount "115"]
[EventDate "2022.12.27"]
[EventType "swiss (blitz)"]
[EventRounds "11"]
[EventCountry "USA"]
[SourceTitle "EXT 2024"]
[Source "ChessBase"]
[SourceDate "2023.10.10"]
[SourceVersion "1"]
[SourceVersionDate "2023.10.10"]
[SourceQuality "1"]

1. e4 e5 2. Nf3 Nc6 3. Bc4 Nf6 4. d3 d6 5. c3 Be6 6. Nbd2 Be7 7. 0-0 Qd7 8. Re1 h6 9. d4 exd4 10. cxd4 d5 11. exd5 Nxd5 12. Ne5 Nxe5 13. dxe5 Nf4 14. Bxe6 Nxe6 15. Ne4 Qxd1 16. Rxd1 Rd8 17. Be3 a6 18. Rac1 Rd7 19. Kf1 Kd8 20. Ke2 Rxd1 21. Kxd1 Kc8 22. f4 Rd8+ 23. Ke2 Nd4+ 24. Kf2 Kb8 25. g4 g6 26. Rc4 Nc6 27. Ke2 Rd5 28. Bc5 Bxc5 29. Nxc5 Nd4+ 30. Ke3 Ne6 31. Nxe6 fxe6 32. Rd4 Kc8 33. Rxd5 exd5 34. Kd4 c6 35. h4 Kd7 36. f5 gxf5 37. g5 hxg5 38. h5 g4 39. h6 g3 40. Ke3 d4+ 41. Kf3 d3 42. h7 d2 43. Ke2 g2 44. h8Q d1Q+ 45. Kxd1 g1Q+ 46. Ke2 Qg4+ 47. Kd2 Qd4+ 48. Kc2 Qc4+ 49. Kb1 Qd3+ 50. Kc1 Qe3+ 51. Kc2 f4 52. Qg7+ Ke6 53. Qf6+ Kd5 54. Qd6+ Ke4 55. e6 Qe2+ 56. Kc3 Qe3+ 57. Kc2 Qd2+ 58. Qxd2 1-0

[Event "Titled Tuesday intern op 27th Dec Late"]
[Site "Chess.com INT"]
[Date "2022.12.27"]
[Round "8"]
[White "Garcia, Gabriel Gonzaga"]
[Black "Kaganskiy, Gleb"]
[Result "0-1"]
[WhiteElo "2091"]
[BlackElo "2219"]
[PlyCount "36"]
[EventDate "2022.12.27"]
[EventType "swiss (blitz)"]
[EventRounds "11"]
[EventCountry "USA"]
[SourceTitle "EXT 2024"]
[Source "ChessBase"]
[SourceDate "2023.10.10"]
[SourceVersion "1"]
[SourceVersionDate "2023.10.10"]
[SourceQuality "1"]

1. e4 c5 2. Nf3 d6 3. d4 cxd4 4. Qxd4 Nf6 5. Bb5+ Bd7 6. c4 Nc6 7. Bxc6 bxc6 8. Nc3 g6 9. e5 dxe5 10. Nxe5 Bg7 11. 0-0 0-0 12. Rd1 Ng4 13. Qxd7 Nxe5 14. Qb7 Qb6 15. Qxe7 Nxc4 16. Qe4 Nxb2 17. Bxb2 Qxb2 18. Ne2 Rfe8 0-1

[Event "Titled Tuesday intern op 27th Dec Late"]
[Site "Chess.com INT"]
[Date "2022.12.27"]
[Round "9"]
[White "Mushini, Ajay"]
[Black "Garcia, Gabriel Gonzaga"]
[Result "0-1"]
[WhiteElo "2265"]
[BlackElo "2091"]
[PlyCount "212"]
[EventDate "2022.12.27"]
[EventType "swiss (blitz)"]
[EventRounds "11"]
[EventCountry "USA"]
[SourceTitle "EXT 2024"]
[Source "ChessBase"]
[SourceDate "2023.10.10"]
[SourceVersion "1"]
[SourceVersionDate "2023.10.10"]
[SourceQuality "1"]

1. e4 c6 2. d4 d5 3. e5 Bf5 4. Nf3 e6 5. Be2 Ne7 6. 0-0 c5 7. c4 Nbc6 8. Nc3 cxd4 9. Nxd4 Nxd4 10. Qxd4 Nc6 11. Qf4 dxc4 12. Rd1 Qa5 13. Bxc4 Bb4 14. Nb5 0-0 15. a3 a6 16. Nd6 Qxe5 17. axb4 Qxf4 18. Bxf4 Nxb4 19. Nxf5 exf5 20. Bd6 Rfc8 21. Bxf7+ Kxf7 22. Bxb4 Rc7 23. g3 Rac8 24. Bc3 Re7 25. Rd5 g6 26. Kg2 Rc4 27. h4 f4 28. Rad1 fxg3 29. Kxg3 h5 30. Rd6 Rg4+ 31. Kh3 Rf4 32. Bd4 Re6 33. Rxe6 Kxe6 34. Be3 Rb4 35. Rd2 a5 36. Bd4 a4 37. Bc3 Rf4 38. Kg3 Rg4+ 39. Kh3 Rf4 40. Re2+ Kd5 41. Re5+ Kc4 42. Re6 Rxf2 43. Rxg6 a3 44. Be1 axb2 45. Bxf2 b1Q 46. Rb6 Qd3+ 47. Bg3 Qf5+ 48. Kg2 Qe4+ 49. Kh3 Kc5 50. Bf2+ Kd5 51. Rb5+ Kc6 52. Rc5+ Kd6 53. Rg5 b5 54. Bg3+ Kc6 55. Rxh5 Qh1+ 56. Kg4 Qd1+ 57. Kg5 b4 58. Be5 Qd2+ 59. Kg6 Qg2+ 60. Rg5 Qc2+ 61. Kh6 b3 62. Bf6 Kd7 63. h5 Ke6 64. Bg7 Kf7 65. Be5 b2 66. Bxb2 Qxb2 67. Rf5+ Kg8 68. Kg6 Qb6+ 69. Rf6 Qg1+ 70. Kf5 Qf1+ 71. Kg5 Qg2+ 72. Kf5 Qf3+ 73. Kg5 Qg3+ 74. Kf5 Qh4 75. Rg6+ Kf7 76. Rg5 Qh3+ 77. Kf4 Kf6 78. Rg6+ Kf7 79. Kg5 Qg3+ 80. Kh6 Qf4+ 81. Kh7 Qf5 82. Kh6 Qe4 83. Rg7+ Kf8 84. Rg6 Qf4+ 85. Kh7 Qf5 86. Kh6 Kf7 87. Rg7+ Kf8 88. Rg6 Qf7 89. Kg5 Qe7+ 90. Rf6+ Kg7 91. h6+ Kh7 92. Kf5 Qe3 93. Re6 Qh3+ 94. Ke5 Qe3+ 95. Kd6 Qd4+ 96. Ke7 Kg8 97. Rg6+ Kh7 98. Re6 Qd5 99. Kf6 Kxh6 100. Kf7+ Kh7 101. Kf6 Qf3+ 102. Ke7 Kg7 103. Re5 Qf4 104. Ke6 Kg6 105. Kd5 Kf6 106. Re6+ Kf7 0-1

[Event "Titled Tuesday intern op 28th Jun Early"]
[Site "Chess.com INT"]
[Date "2022.06.28"]
[Round "4"]
[White "Ferreira, Vitor Hugo Vieira"]
[Black "Garcia, Gabriel Gonzaga"]
[Result "1-0"]
[WhiteElo "2128"]
[BlackElo "2091"]
[PlyCount "127"]
[EventDate "2022.06.28"]
[EventType "swiss (blitz)"]
[EventRounds "11"]
[EventCountry "USA"]
[SourceTitle "CBM 209 Extra"]
[Source "ChessBase"]
[SourceDate "2022.09.30"]
[SourceVersion "1"]
[SourceVersionDate "2022.09.30"]
[SourceQuality "1"]

1. d4 Nf6 2. c4 e5 3. dxe5 Ng4 4. Nc3 Bc5 5. Ne4 Bb4+ 6. Bd2 Bxd2+ 7. Qxd2 Nxe5 8. Qc3 Qe7 9. 0-0-0 0-0 10. Nf3 Ng4 11. h3 Nh6 12. Qc2 d6 13. Nc3 Bf5 14. e4 Be6 15. Bd3 Nd7 16. Nd5 Bxd5 17. exd5 g6 18. Rde1 Qf6 19. h4 Rae8 20. h5 Nc5 21. hxg6 Nxd3+ 22. Qxd3 Rxe1+ 23. Nxe1 Qxf2 24. gxh7+ Kg7 25. Qc3+ f6 26. Rh3 Kxh7 27. Rf3 Qh4 28. Qe3 Qg5 29. Rf4 Re8 30. Qxe8 Qxf4+ 31. Kd1 Qd4+ 32. Kc1 Qxc4+ 33. Nc2 Qxd5 34. Qe7+ Kg6 35. Qxc7 Nf5 36. Qb8 Qxg2 37. Qg8+ Ng7 38. Qd8 Qg5+ 39. Kd1 Qd5+ 40. Ke2 Qc4+ 41. Kd2 Qd5+ 42. Kc3 Ne6 43. Qg8+ Kf5 44. Ne3+ Ke5 45. Nxd5 Kxd5 46. Qf7 Ke5 47. Qxb7 f5 48. Qxa7 d5 49. Qb8+ Ke4 50. Qe8 d4+ 51. Kd2 Ke5 52. a4 Kd5 53. Qd7+ Ke5 54. a5 Nc5 55. Qc7+ Kd5 56. b4 Ne4+ 57. Ke1 d3 58. a6 d2+ 59. Kd1 Kd4 60. Qd7+ Ke3 61. a7 Nc3+ 62. Kc2 d1Q+ 63. Qxd1 Nxd1 64. Kxd1 1-0

[Event "Titled Tuesday intern op 28th Jun Early"]
[Site "Chess.com INT"]
[Date "2022.06.28"]
[Round "1"]
[White "Garcia, Gabriel Gonzaga"]
[Black "Nguyen, Quoc Hy"]
[Result "0-1"]
[WhiteElo "2091"]
[BlackElo "2268"]
[PlyCount "82"]
[EventDate "2022.06.28"]
[EventType "swiss (blitz)"]
[EventRounds "11"]
[EventCountry "USA"]
[SourceTitle "CBM 209 Extra"]
[Source "ChessBase"]
[SourceDate "2022.09.30"]
[SourceVersion "1"]
[SourceVersionDate "2022.09.30"]
[SourceQuality "1"]

1. e4 c5 2. Nf3 d6 3. d4 cxd4 4. Qxd4 a6 5. c4 Nc6 6. Qd2 g6 7. b3 Bh6 8. Qc3 Qa5 9. Qxa5 Nxa5 10. Nc3 Bg7 11. Bb2 Nf6 12. Nd5 Rb8 13. Nxf6+ Bxf6 14. Bxf6 exf6 15. Nd4 Nc6 16. 0-0-0 Ke7 17. Nxc6+ bxc6 18. Bd3 Be6 19. Rhe1 a5 20. f4 Rhd8 21. f5 Bc8 22. Kc2 c5 23. Kc3 Bb7 24. g4 Bc6 25. Bc2 Rh8 26. h4 h5 27. g5 fxg5 28. hxg5 h4 29. e5 dxe5 30. Rxe5+ Kf8 31. Rxc5 Bf3 32. Rf1 h3 33. fxg6 h2 34. Rf5 h1Q 35. Rxf7+ Kg8 36. R7xf3 Qh4 37. Rf4 Qxg5 38. Be4 Rh3+ 39. Kb2 Rd8 40. Rf5 Rh2+ 41. Kb1 Qd2 0-1

[Event "Titled Tuesday intern op 28th Jun Early"]
[Site "Chess.com INT"]
[Date "2022.06.28"]
[Round "2"]
[White "Garcia, Gabriel Gonzaga"]
[Black "Richter, Nils"]
[Result "0-1"]
[WhiteElo "2091"]
[BlackElo "2359"]
[PlyCount "42"]
[EventDate "2022.06.28"]
[EventType "swiss (blitz)"]
[EventRounds "11"]
[EventCountry "USA"]
[SourceTitle "CBM 209 Extra"]
[Source "ChessBase"]
[SourceDate "2022.09.30"]
[SourceVersion "1"]
[SourceVersionDate "2022.09.30"]
[SourceQuality "1"]

1. e4 e6 2. Nf3 d5 3. Nc3 dxe4 4. Nxe4 Nf6 5. Nxf6+ Qxf6 6. d4 Bd6 7. Bg5 Qg6 8. Bd3 Qh5 9. h3 f5 10. Qe2 0-0 11. 0-0-0 Nc6 12. g4 Qf7 13. c3 h6 14. Bd2 fxg4 15. Ne5 Bxe5 16. dxe5 Qxf2 17. Qe4 Qf5 18. Qc4 Nxe5 19. Bxf5 Nxc4 20. Bxg4 e5 21. Bf3 Rxf3 0-1

[Event "Titled Tuesday intern op 14th Jun Early"]
[Site "Chess.com INT"]
[Date "2022.06.14"]
[Round "4"]
[White "Artemenko, Oleg"]
[Black "Garcia, Gabriel Gonzaga"]
[Result "1-0"]
[WhiteElo "2246"]
[BlackElo "2091"]
[PlyCount "101"]
[EventDate "2022.06.14"]
[EventType "swiss (blitz)"]
[EventRounds "11"]
[EventCountry "USA"]
[SourceTitle "EXT 2023"]
[Source "ChessBase"]
[SourceDate "2022.10.05"]
[SourceVersion "1"]
[SourceVersionDate "2022.10.05"]
[SourceQuality "1"]

1. e4 c6 2. d4 d5 3. exd5 cxd5 4. Nc3 Nc6 5. Bf4 Bf5 6. Bd3 Bxd3 7. Qxd3 e6 8. Nf3 Bd6 9. Bxd6 Qxd6 10. 0-0 Nf6 11. h3 0-0 12. a3 a6 13. Rfe1 b5 14. Ne2 b4 15. axb4 Qxb4 16. c3 Qb5 17. Qc2 Rfb8 18. Ra2 Na5 19. Nd2 Nc4 20. Nxc4 Qxc4 21. Rea1 Rb6 22. Nf4 Rab8 23. Nd3 Ne4 24. f3 Ng3 25. Ra4 Qc8 26. Nc5 Rxb2 27. Qd3 Ne2+ 28. Kh1 Nf4 29. Qxa6 Qxa6 30. Rxa6 Nxg2 31. Ra8 Nf4 32. Nd7 Nxh3 33. Rxb8+ Rxb8 34. Nxb8 Nf4 35. Ra8 g5 36. Nd7+ Kg7 37. Ne5 f6 38. Ra7+ Kh6 39. Nd7 Kg6 40. Nf8+ Kf5 41. Nxh7 e5 42. Ra6 Nh5 43. Kg1 exd4 44. cxd4 Kg6 45. Nf8+ Kf5 46. Kf2 g4 47. fxg4+ Kxg4 48. Nd7 Kf5 49. Rd6 Ke4 50. Nxf6+ Nxf6 51. Rxf6 1-0

[Event "Titled Tuesday intern op 07th Jun Late"]
[Site "Chess.com INT"]
[Date "2022.06.07"]
[Round "9"]
[White "Garcia, Gabriel Gonzaga"]
[Black "Girsh, Daniel"]
[Result "0-1"]
[WhiteElo "2091"]
[BlackElo "2076"]
[PlyCount "100"]
[EventDate "2022.06.07"]
[EventType "swiss (blitz)"]
[EventRounds "11"]
[EventCountry "USA"]
[SourceTitle "CBM 208 Extra"]
[Source "ChessBase"]
[SourceDate "2022.07.31"]
[SourceVersion "1"]
[SourceVersionDate "2022.07.31"]
[SourceQuality "1"]

1. e4 c5 2. Nf3 d6 3. d4 cxd4 4. Qxd4 Nf6 5. Nc3 a6 6. Bc4 Nc6 7. Qd3 e6 8. Bg5 Be7 9. Rd1 b5 10. Bb3 Bb7 11. 0-0 Qb6 12. e5 Nxe5 13. Nxe5 dxe5 14. Bxf6 gxf6 15. Qd7+ Kf8 16. Qd3 f5 17. Kh1 Rg8 18. f3 Kg7 19. Qe2 Bf6 20. Rd3 Rad8 21. Rfd1 Rxd3 22. Rxd3 Rd8 23. Nd1 Rxd3 24. Qxd3 Qd4 25. Qxd4 exd4 26. f4 Kf8 27. Kg1 Ke7 28. g3 Kd6 29. Kf2 Bc6 30. Ke2 a5 31. a3 a4 32. Ba2 Bd5 33. Bxd5 Kxd5 34. Kd3 h5 35. Nf2 h4 36. Nd1 Bd8 37. gxh4 Bxh4 38. c3 dxc3 39. Nxc3+ Kc5 40. Ne2 Bf6 41. Kc2 Kc4 42. Nc3 Bh4 43. Ne2 f6 44. Nc1 e5 45. fxe5 fxe5 46. Nd3 Kd5 47. Nb4+ Ke4 48. Nc6 f4 49. Kd1 f3 50. Na7 Ke3 0-1

[Event "Titled Tuesday intern op 07th Jun Late"]
[Site "Chess.com INT"]
[Date "2022.06.07"]
[Round "7"]
[White "Garcia, Gabriel Gonzaga"]
[Black "Prieto Aranguren, Alain"]
[Result "1-0"]
[WhiteElo "2091"]
[BlackElo "2272"]
[PlyCount "141"]
[EventDate "2022.06.07"]
[EventType "swiss (blitz)"]
[EventRounds "11"]
[EventCountry "USA"]
[SourceTitle "CBM 208 Extra"]
[Source "ChessBase"]
[SourceDate "2022.07.31"]
[SourceVersion "1"]
[SourceVersionDate "2022.07.31"]
[SourceQuality "1"]

1. e4 c6 2. Nf3 d5 3. Nc3 Bg4 4. Be2 e6 5. d3 Nf6 6. 0-0 Be7 7. Bf4 0-0 8. a3 Na6 9. Ne5 Bxe2 10. Qxe2 Nd7 11. Rae1 Nxe5 12. Bxe5 Nc5 13. d4 Nxe4 14. Nxe4 dxe4 15. Qxe4 Qd5 16. Qxd5 cxd5 17. Bg3 Rac8 18. Re2 Rc4 19. c3 Rfc8 20. f4 g6 21. Be1 b5 22. g4 a5 23. f5 R8c6 24. fxe6 Rxe6 25. Ref2 b4 26. axb4 axb4 27. Bd2 f6 28. Ra1 bxc3 29. bxc3 Rc8 30. Ra7 Re8 31. Kf1 Rb8 32. Re2 Rb1+ 33. Kf2 Rxe2+ 34. Kxe2 Kf7 35. Bf4 Ke6 36. Ra6+ Kf7 37. Bd6 Bxd6 38. Rxd6 Rb2+ 39. Kf3 Rxh2 40. Rxd5 Rh3+ 41. Ke4 Rxc3 42. Rd7+ Ke6 43. Rxh7 f5+ 44. gxf5+ gxf5+ 45. Kf4 Rd3 46. Rh6+ Kf7 47. Ke5 f4 48. Rf6+ Ke7 49. Rxf4 Kd7 50. Rf7+ Ke8 51. Ra7 Rh3 52. Kd6 Rh6+ 53. Kc5 Rh5+ 54. d5 Rh1 55. Kc6 Rc1+ 56. Kd6 Rh1 57. Ra8+ Kf7 58. Kd7 Kf6 59. d6 Rh7+ 60. Kc6 Ke6 61. Re8+ Kf7 62. Re1 Rh2 63. d7 Rc2+ 64. Kb7 Rb2+ 65. Kc8 Rc2+ 66. Kd8 Rc3 67. Re4 Rc1 68. Rf4+ Ke6 69. Ke8 Rh1 70. Re4+ Kd6 71. d8Q+ 1-0

[Event "Titled Tuesday intern op 07th Jun Late"]
[Site "Chess.com INT"]
[Date "2022.06.07"]
[Round "3"]
[White "Garcia, Gabriel Gonzaga"]
[Black "Silvestre, Christian"]
[Result "1/2-1/2"]
[WhiteElo "2091"]
[BlackElo "1942"]
[PlyCount "62"]
[EventDate "2022.06.07"]
[EventType "swiss (blitz)"]
[EventRounds "11"]
[EventCountry "USA"]
[SourceTitle "CBM 208 Extra"]
[Source "ChessBase"]
[SourceDate "2022.07.31"]
[SourceVersion "1"]
[SourceVersionDate "2022.07.31"]
[SourceQuality "1"]

1. e4 c6 2. Nf3 d5 3. Nc3 a6 4. d4 Bg4 5. Be2 e6 6. 0-0 Nf6 7. Ne5 Bxe2 8. Qxe2 dxe4 9. Nxe4 Qxd4 10. Nxf6+ gxf6 11. Nc4 b5 12. Na5 Qb6 13. Nb3 Nd7 14. Be3 Qc7 15. a4 b4 16. Rad1 Be7 17. Qg4 0-0-0 18. Qc4 Nb8 19. Bc5 Rxd1 20. Rxd1 Rd8 21. Re1 Rd5 22. Qxb4 Rxc5 23. Nxc5 Nd7 24. Qc4 Nxc5 25. b4 Nb7 26. Qxa6 Bxb4 27. Rb1 c5 28. Qa8+ Qb8 29. Qa6 Qc7 30. Qa8+ Qb8 31. Qa6 Qc7 1/2-1/2

[Event "Titled Tuesday intern op 07th Jun Late"]
[Site "Chess.com INT"]
[Date "2022.06.07"]
[Round "10"]
[White "Mikhalsky, Vladimir"]
[Black "Garcia, Gabriel Gonzaga"]
[Result "1-0"]
[WhiteElo "2269"]
[BlackElo "2091"]
[PlyCount "47"]
[EventDate "2022.06.07"]
[EventType "swiss (blitz)"]
[EventRounds "11"]
[EventCountry "USA"]
[SourceTitle "CBM 208 Extra"]
[Source "ChessBase"]
[SourceDate "2022.07.31"]
[SourceVersion "1"]
[SourceVersionDate "2022.07.31"]
[SourceQuality "1"]

1. d4 Nf6 2. c4 e6 3. g3 Bb4+ 4. Bd2 Qe7 5. Bg2 0-0 6. Nf3 d5 7. 0-0 dxc4 8. Qc2 b5 9. a4 c6 10. Na3 Bxa3 11. Rxa3 Bb7 12. Ne5 a6 13. Raa1 Nd5 14. b3 cxb3 15. Qxb3 Nd7 16. Nd3 N5b6 17. Bb4 bxa4 18. Bxe7 axb3 19. Bxf8 Kxf8 20. Rfb1 a5 21. Rxb3 a4 22. Rb4 Ke7 23. Nc5 Ra6 24. Nxb7 1-0

[Event "Titled Tuesday intern op 31st May Late"]
[Site "Chess.com INT"]
[Date "2022.05.31"]
[Round "5"]
[White "Garcia, Gabriel Gonzaga"]
[Black "Tanenbaum, Zachary Chen"]
[Result "0-1"]
[WhiteElo "2091"]
[BlackElo "2160"]
[PlyCount "78"]
[EventDate "2022.05.31"]
[EventType "swiss (blitz)"]
[EventRounds "11"]
[EventCountry "USA"]
[SourceTitle "CBM 208 Extra"]
[Source "ChessBase"]
[SourceDate "2022.07.31"]
[SourceVersion "1"]
[SourceVersionDate "2022.07.31"]
[SourceQuality "1"]

1. e4 e5 2. Nf3 Nc6 3. Bc4 Nf6 4. d3 Be7 5. 0-0 0-0 6. c3 d5 7. exd5 Nxd5 8. Re1 Bg4 9. Nbd2 a6 10. Ne4 Nb6 11. Bb3 Bd6 12. h3 Bh5 13. Ng3 Bg6 14. d4 exd4 15. Nxd4 Nxd4 16. Qxd4 Re8 17. Rxe8+ Qxe8 18. Bf4 Rd8 19. Rd1 Rd7 20. Qe3 Re7 21. Qd2 Bc5 22. Bg5 Rd7 23. Qe1 Rxd1 24. Qxd1 h6 25. Qd8 Qxd8 26. Bxd8 Bd6 27. Nf1 Kf8 28. Bh4 Nd7 29. Ne3 Nc5 30. Nc4 Bf4 31. Bd1 Bb1 32. a3 Ba2 33. Be2 Bxc4 34. Bxc4 Na4 35. b4 Nxc3 36. Kf1 g5 37. Bg3 Bxg3 38. fxg3 Nb1 39. a4 Nd2+ 0-1

[Event "Titled Tuesday intern op 31st May Late"]
[Site "Chess.com INT"]
[Date "2022.05.31"]
[Round "6"]
[White "Weisz, Bryan"]
[Black "Garcia, Gabriel Gonzaga"]
[Result "1-0"]
[WhiteElo "1917"]
[BlackElo "2091"]
[PlyCount "37"]
[EventDate "2022.05.31"]
[EventType "swiss (blitz)"]
[EventRounds "11"]
[EventCountry "USA"]
[SourceTitle "CBM 208 Extra"]
[Source "ChessBase"]
[SourceDate "2022.07.31"]
[SourceVersion "1"]
[SourceVersionDate "2022.07.31"]
[SourceQuality "1"]

1. e4 c6 2. d4 d5 3. e5 Bf5 4. Ne2 c5 5. Ng3 Bd7 6. dxc5 e6 7. Be3 Nc6 8. f4 d4 9. Bxd4 Nxd4 10. Qxd4 Qa5+ 11. b4 Qa4 12. Nc3 Qxc2 13. Rd1 0-0-0 14. c6 bxc6 15. Qxa7 Qxc3+ 16. Kf2 Qc2+ 17. Kf3 Qc3+ 18. Kg4 Nf6+ 19. Kh3 1-0

[Event "Goias State-ch"]
[Site "Goiania"]
[Date "2021.12.03"]
[Round "2"]
[White "Garcia, Gabriel Gonzaga"]
[Black "Mourao, Igor AC Lofredo"]
[Result "0-1"]
[WhiteElo "2108"]
[BlackElo "2165"]
[PlyCount "126"]
[EventDate "2021.12.03"]
[EventType "swiss"]
[EventRounds "6"]
[EventCountry "BRA"]
[SourceTitle "EXT 2023"]
[Source "ChessBase"]
[SourceDate "2022.10.05"]
[SourceVersion "1"]
[SourceVersionDate "2022.10.05"]
[SourceQuality "1"]

1. e4 e5 2. Nf3 Nc6 3. Bc4 Nf6 4. d3 h6 5. c3 d6 6. a4 g5 7. h4 g4 8. Nh2 h5 9. Bg5 Bh6 10. Nf1 Bxg5 11. hxg5 Nd7 12. Qd2 Nb6 13. Ba2 Be6 14. Ng3 Qe7 15. Nxh5 0-0-0 16. a5 Nd7 17. a6 Rdg8 18. axb7+ Kxb7 19. Ng3 Rxh1+ 20. Nxh1 Qxg5 21. Qxg5 Rxg5 22. Ng3 Bxa2 23. Rxa2 Nc5 24. Kd2 Ne6 25. Nf5 Rh5 26. Ke3 Rh1 27. Na3 Nf4 28. g3 Ng2+ 29. Ke2 Re1+ 30. Kd2 Rf1 31. Ke2 Re1+ 32. Kd2 Rf1 33. Nc4 Rxf2+ 34. Kc1 Ne1 35. d4 exd4 36. cxd4 Rc2+ 37. Kd1 Rxc4 38. Kxe1 Nxd4 39. Ra5 Nxf5 40. Rxf5 Rxe4+ 41. Kd2 a5 42. Rxf7 Rb4 43. Kc3 Kb6 44. Rf6 Kc5 45. Rf7 c6 46. Ra7 Kb6 47. Rg7 d5 48. Rg8 Rc4+ 49. Kd3 a4 50. Kd2 Kc5 51. Kd3 Rb4 52. Kc2 Rc4+ 53. Kd3 a3 54. bxa3 Ra4 55. Kc2 Rxa3 56. Rxg4 d4 57. Rg6 Kd5 58. g4 c5 59. Rg8 Kc4 60. g5 Ra2+ 61. Kb1 Rg2 62. g6 Kc3 63. g7 c4 0-1

[Event "Titled Tuesday intern op 02nd Nov"]
[Site "Chess.com INT"]
[Date "2021.11.02"]
[Round "2"]
[White "Ptacnikova, Lenka"]
[Black "Garcia, Gabriel Gonzaga"]
[Result "1-0"]
[WhiteElo "2135"]
[BlackElo "2104"]
[PlyCount "69"]
[EventDate "2021.11.02"]
[EventType "swiss (blitz)"]
[EventRounds "11"]
[EventCountry "USA"]
[SourceTitle "CBM 205 Extra"]
[Source "ChessBase"]
[SourceDate "2022.01.31"]
[SourceVersion "1"]
[SourceVersionDate "2022.01.31"]
[SourceQuality "1"]

1. c4 Nf6 2. g3 g6 3. Bg2 Bg7 4. Nc3 0-0 5. e4 d6 6. d4 c5 7. d5 a6 8. f4 Bg4 9. Qd3 e6 10. h3 exd5 11. hxg4 dxc4 12. Qxc4 Nxg4 13. Nge2 Nc6 14. Bf3 Qd7 15. Nd5 b5 16. Qc2 Rab8 17. Bd2 b4 18. Rd1 Nd4 19. Nxd4 Bxd4 20. Bxb4 Bf2+ 21. Ke2 Bxg3 22. Bc3 f6 23. Rdg1 Nf2 24. Rxg3 Nxh1 25. Bxh1 Qb5+ 26. Qd3 Qa4 27. a3 Rb3 28. Bg2 Qb5 29. Qxb5 axb5 30. Rd3 b4 31. axb4 cxb4 32. Nxb4 Kf7 33. e5 fxe5 34. Bd5+ Kf6 35. Bxb3 1-0

[Event "Goiania Barbosa Nunes Cup 1st"]
[Site "Goiania"]
[Date "2021.10.16"]
[Round "6"]
[White "Garcia, Gabriel Gonzaga"]
[Black "De Paiva Filho, Luiz Americo"]
[Result "1-0"]
[WhiteElo "2104"]
[BlackElo "1941"]
[PlyCount "71"]
[EventDate "2021.10.15"]
[EventType "swiss"]
[EventRounds "6"]
[EventCountry "BRA"]
[SourceTitle "EXT 2023"]
[Source "ChessBase"]
[SourceDate "2022.10.05"]
[SourceVersion "1"]
[SourceVersionDate "2022.10.05"]
[SourceQuality "1"]

1. e4 e5 2. Nf3 Nc6 3. Bc4 Be7 4. d4 exd4 5. Nxd4 Nf6 6. Nxc6 dxc6 7. Qxd8+ Bxd8 8. 0-0 0-0 9. Nc3 Re8 10. Re1 b5 11. Bd3 Nd7 12. Bf4 Ne5 13. a4 b4 14. Ne2 Bf6 15. Rad1 Nxd3 16. cxd3 Bxb2 17. Rb1 Ba3 18. Bxc7 Ba6 19. Red1 Rac8 20. Bd6 c5 21. Nf4 Rc6 22. e5 f6 23. Nd5 Kf7 24. f4 Rxd6 25. exd6 Rd8 26. d4 cxd4 27. Nxb4 Rxd6 28. Rb3 Be2 29. Rd2 Bxb4 30. Rxb4 d3 31. Rb7+ Kg6 32. Rxa7 Kf5 33. Rxg7 Kxf4 34. Kf2 h5 35. g3+ Ke4 36. Re7+ 1-0

[Event "Titled Tuesday intern op 20th July"]
[Site "Chess.com INT"]
[Date "2021.07.20"]
[Round "8"]
[White "Garcia, Gabriel Gonzaga"]
[Black "Tristan, Leonardo"]
[Result "0-1"]
[WhiteElo "2104"]
[BlackElo "2535"]
[PlyCount "56"]
[EventDate "2021.07.20"]
[EventType "swiss (blitz)"]
[EventRounds "11"]
[EventCountry "USA"]
[SourceTitle "CBM 203 Extra"]
[Source "ChessBase"]
[SourceDate "2021.09.30"]
[SourceVersion "1"]
[SourceVersionDate "2021.09.30"]
[SourceQuality "1"]

1. e4 c5 2. Nf3 Nc6 3. d4 cxd4 4. Nxd4 Nf6 5. Nc3 e6 6. Be2 Be7 7. 0-0 0-0 8. Ndb5 d5 9. exd5 exd5 10. Bg5 a6 11. Nd4 h6 12. Bh4 Qb6 13. Nb3 Be6 14. Bxf6 Bxf6 15. Nxd5 Bxd5 16. Qxd5 Bxb2 17. Rab1 Ba3 18. Bc4 Rad8 19. Qf3 Ne5 20. Qe2 Qc7 21. Bd3 Rfe8 22. Qd2 b5 23. Rfd1 Ng4 24. g3 Ne5 25. Qf4 Bd6 26. Qf5 g6 27. Qf6 Re6 28. Qh4 Nf3+ 0-1